[Event "Riga Tech op 6th"]
[Site "Riga"]
[Date "2016.08.11"]
[Round "6"]
[White "Meribanov, Vitaly"]
[Black "Kantans, Toms"]
[Result "0-1"]
[WhiteElo "2400"]
[BlackElo "2482"]
[PlyCount "70"]
[EventDate "2016.08.08"]
[EventType "swiss"]
[EventRounds "9"]
[EventCountry "LAT"]
[SourceTitle "CBM 173 Extra"]
[Source "ChessBase"]
[SourceDate "2016.08.29"]
[SourceVersion "1"]
[SourceVersionDate "2016.08.29"]
[SourceQuality "1"]

1. e4 c5 2. Nf3 d6 3. d4 cxd4 4. Nxd4 Nf6 5. Nc3 a6 6. Be2 e5 7. Nb3 Be6 8. f4 Be7 9. f5 Bd7 10. a4 Bc6 11. Bf3 Nbd7 12. Be3 0-0 13. g4 h6 14. h4 Nh7 15. Bf2 b5 16. a5 Rc8 17. Qd2 b4 18. Na2 Nc5 19. Qxb4 Nxe4 20. Bxe4 d5 21. Bc5 Bxh4+ 22. Rxh4 Qxh4+ 23. Bf2 Qh2 24. Bd3 Ng5 25. Bxa6 Qh1+ 26. Kd2 Ne4+ 27. Ke2 Qg2 28. Rf1 Rb8 29. Qa3 Rfc8 30. Ke1 Bb5 31. Bxb5 Rxc2 32. Be2 Rxe2+ 33. Kxe2 Ng3+ 34. Kd2 Nxf1+ 35. Ke1 Ng3 0-1